| 000 | 00473cam a22001571 4500 | ||
|---|---|---|---|
| 082 |
_a621.37 _bFRI _cL-11, P-21 |
||
| 100 | 1 |
_aFribance, Austin E. _941544 |
|
| 245 | 1 | 0 | _aIndustrial instrumentation fundamentals. |
| 260 |
_aNew York, _bMcGraw-Hill _c[1962] |
||
| 300 |
_a776 p. _billus. _c24 cm. |
||
| 526 |
_a0 _b0 _c0 _d621_370000000000000_FRI |
||
| 650 | 0 |
_aEngineering instruments. _97429 |
|
| 650 | 0 |
_aMCE _9379 |
|
| 650 | 0 |
_aPhysical instruments. _939824 |
|
| 942 |
_2ddc _cBK |
||
| 999 |
_c545621 _d545621 |
||